Zdroje a spotreba energie pre zabezpečenie ekonomického rastu

Dôležitosť prírodných a energetických zdrojov potrebných pre svetovú ekonomiku a pre zabezpečenie ekonomického rastu. Problémy a obmedzenia využívania tradičných ale aj alternatívnych zdrojov energie. Spotreba energie pre zabezpečenie ekonomického rastu.

Salvato in:
Dettagli Bibliografici
Autore principale: Naščáková, Jana
Altri autori: Gergeľová, Marcela
Natura: Capitolo di libro
Lingua:slovacco
Soggetti:
Tags: Aggiungi Tag
Nessun Tag, puoi essere il primo ad aggiungerne!!

MARC

LEADER 00000naa a2200000 4500
001 0211507
005 20240502073527.6
041 0 |a slo 
044 |a SK 
245 1 0 |a Zdroje a spotreba energie pre zabezpečenie ekonomického rastu  |c Jana Naščáková, Marcela Gergeľová 
520 |a Dôležitosť prírodných a energetických zdrojov potrebných pre svetovú ekonomiku a pre zabezpečenie ekonomického rastu. Problémy a obmedzenia využívania tradičných ale aj alternatívnych zdrojov energie. Spotreba energie pre zabezpečenie ekonomického rastu. 
610 2 0 |a spotreba energie 
610 2 0 |a hospodárstvo svetové 
610 2 0 |a rast hospodársky 
610 2 0 |a zdroje energie 
610 2 0 |a ropa 
100 1 |a Naščáková, Jana 
700 1 |a Gergeľová, Marcela